Plato's philosophers : the coherence of the dialogues (Record no. 12013)

000 -LEADER
fixed length control field 01632cam a2200277 a 4500
001 - CONTROL NUMBER
control field 15481286
005 - DATE AND TIME OF LATEST TRANSACTION
control field 20170105102353.0
008 - FIXED-LENGTH DATA ELEMENTS--GENERAL INFORMATION
fixed length control field 081007s2009 ilu b 001 0 eng c
010 ## - LIBRARY OF CONGRESS CONTROL NUMBER
LC control number 2008043514
020 ## - INTERNATIONAL STANDARD BOOK NUMBER
International Standard Book Number 9780226993355 (cloth : alk. paper)
020 ## - INTERNATIONAL STANDARD BOOK NUMBER
International Standard Book Number 0226993353 (cloth : alk. paper)
040 ## - CATALOGING SOURCE
Original cataloging agency ICU/DLC
Transcribing agency DLC
Modifying agency DLC
042 ## - AUTHENTICATION CODE
Authentication code pcc
050 00 - LIBRARY OF CONGRESS CALL NUMBER
Classification number B395
Item number .Z77 2009
082 00 - DEWEY DECIMAL CLASSIFICATION NUMBER
Classification number 184
Edition number 22
100 1# - MAIN ENTRY--PERSONAL NAME
Personal name Zuckert, Catherine H.,
Dates associated with a name 1942-
245 10 - TITLE STATEMENT
Title Plato's philosophers : the coherence of the dialogues
Remainder of title the coherence of the dialogues
Statement of responsibility, etc. Catherine H. Zuckert
260 ## - PUBLICATION, DISTRIBUTION, ETC.
Place of publication, distribution, etc. Chicago :
Name of publisher, distributor, etc. The University of Chicago Press,
Date of publication, distribution, etc. 2009.
300 ## - PHYSICAL DESCRIPTION
Extent viii, 888 p. ;
Dimensions 24 cm.
504 ## - BIBLIOGRAPHY, ETC. NOTE
Bibliography, etc. note Includes bibliographical references (p. [863]-879) and index.
505 0# - FORMATTED CONTENTS NOTE
Formatted contents note Introduction: Platonic dramatology -- The political and philosophical problems. Using pre-Socratic philosophy to support political reform: the Athenian stranger ; Plato's Parmenides: Parmenides' critique of Socrates and Plato's critique of Parmenides ; Becoming Socrates ; Socrates interrogates his contemporaries about the noble and good -- Paradigms of philosophy. Socrates' positive teaching ; Timaeus-Critias: completing or challenging Socratic political philosophy? ; Socratic practice -- The trial and death of Socrates. The limits of human intelligence ; The Eleatic challenge ; The trial and death of Socrates -- Conclusion: Why Plato made Socrates his hero.
600 00 - SUBJECT ADDED ENTRY--PERSONAL NAME
Personal name Plato.
Title of a work Dialogues.
906 ## - LOCAL DATA ELEMENT F, LDF (RLIN)
a 7
b cbc
c orignew
d 1
e ecip
f 20
g y-gencatlg
942 ## - ADDED ENTRY ELEMENTS (KOHA)
Source of classification or shelving scheme
Koha item type Book
Holdings
Withdrawn status Lost status Damaged status Not for loan Collection code Permanent Location Current Location Shelving location Date acquired Source of acquisition Cost, normal purchase price Total Checkouts Total Renewals Full call number Barcode Date last seen Date last checked out Price effective from Koha item type
          Central Library (CL) Central Library (CL) General Stacks 07/03/2013 Allied Book Company 2787.84 1 3 184 ZUC SEECS012522 04/23/2024 11/18/2020 07/10/2013 Book
© 2023 Central Library, National University of Sciences and Technology. All Rights Reserved.